000 00388 a2200145 4500
005 20251120081752.0
020 _a9987552307
082 _a346.078 MND
100 _aMNDOLWA,E.B.
245 _aLiquidation Law and Practice in Tanzania Mainland.
260 _aDodoma
_bMzumbe Book Project
_c2003
300 _aXX,135P.table
_c28cm.
700 _aBINAMUNGU,C. & KASHONDA,M.
942 _2ddc
_cBKS
999 _c6797
_d6797